000 00652nam a2200205 a 4500
001 BRCA_1508
005 20190320203445.0
008 931116s1992 fi-a---##b---#001-0#eng-#
020 _a9511124196
050 4 _aN7255
_b.V35 1992
100 1 _aValkonen, Markku
_d1946-
_94914
245 1 0 _aFinnish Art Over the Centuries
_cMarkku Valkonen ; traducción Martha Gaber Abrahamsen.
260 _aHelsinki
_bOtava Pub.
_c1992
300 _a159 p.
_bil. (algunas a color)
_c22 cm.
500 _aIncluye indice alfabético
504 _aBibliografía: p. 157
650 1 4 _aArte finlandés
_94915
700 1 _aGaber Abrahamsen, Martha
_94916
942 _2lcc
_cB
999 _c1366
_d1366